书目信息 |
| 题名: |
新能源汽车动力电池技术
|
|
| 作者: | 泰勒 , 瓦兹尼格 主编 ;陈勇 译 | |
| 分册: | ||
| 出版信息: | 北京 北京理工大学出版社 2017 |
|
| 页数: | 113页, [6] 页图版 | |
| 开本: | 24cm | |
| 丛书名: | 新能源汽车关键技术研究丛书 | |
| 单 册: | ||
| 中图分类: | U469.720.3 | |
| 科图分类: | ||
| 主题词: | 电动汽车--dian dong qi che--蓄电池--研究 | |
| 电子资源: | ||
| ISBN: | 978-7-5682-3693-5 | |
| 000 | 01444nam 2200313 450 | |
| 001 | 1965157228 | |
| 005 | 20170428161717.2 | |
| 010 | @a978-7-5682-3693-5@dCNY 42.00 | |
| 099 | @aCAL 012017068580 | |
| 100 | @a20170427d2017 em y0chiy50 ea | |
| 101 | 1 | @achi@cger |
| 102 | @aCN@b110000 | |
| 105 | @aafk a 000yy | |
| 200 | 1 | @a新能源汽车动力电池技术@Axin neng yuan qi che dong li dian chi ji shu@f(奥) 亚历山大·泰勒, 丹尼尔·瓦兹尼格主编@d= Automotive battery technology@fAlexander Thaler, Daniel Watzenig@g陈勇译@zeng |
| 210 | @a北京@c北京理工大学出版社@d2017 | |
| 215 | @a113页, [6] 页图版@c图 (部分彩图)@d24cm | |
| 225 | 2 | @a新能源汽车关键技术研究丛书@Axin neng yuan qi che guan jian ji shu yan jiu cong shu |
| 300 | @a“十三五”国家重点图书出版物出版规划项目 中国汽车工程学会汽车工程图书出版专家委员会推荐出版 | |
| 320 | @a有书目 | |
| 330 | @a本书主要涉及新能源汽车动力电池系统的安全与老化研究。在安全部分,基于ISO26262的安全要求,阐述车用动力电池系统的整体安全性概念和措施,介绍了电池的碰撞仿真,热失控试验过程的结果和分析。 | |
| 410 | 0 | @12001 @a新能源汽车关键技术研究丛书 |
| 510 | 1 | @aAutomotive battery technology@zeng |
| 606 | 0 | @a电动汽车@Adian dong qi che@x蓄电池@x研究 |
| 690 | @aU469.720.3@v4 | |
| 701 | 1 | @a泰勒@Atai le@g(Thaler, Alexander)@4主编 |
| 701 | 1 | @a瓦兹尼格@Awa zi ni ge@g(Watzenig, Daniel)@4主编 |
| 702 | 0 | @a陈勇@Achen yong@4译 |
| 801 | 0 | @aCN@bNHL@c20170427 |
| 905 | @aBZT@dU469.720.3@e4 | |
| 新能源汽车动力电池技术/(奥) 亚历山大·泰勒, 丹尼尔·瓦兹尼格主编= Automotive battery technology/Alexander Thaler, Daniel Watzenig/陈勇译.-北京:北京理工大学出版社,2017 |
| 113页, [6] 页图版:图 (部分彩图);24cm.-(新能源汽车关键技术研究丛书) |
| “十三五”国家重点图书出版物出版规划项目 中国汽车工程学会汽车工程图书出版专家委员会推荐出版 |
| ISBN 978-7-5682-3693-5:CNY 42.00 |
| 本书主要涉及新能源汽车动力电池系统的安全与老化研究。在安全部分,基于ISO26262的安全要求,阐述车用动力电池系统的整体安全性概念和措施,介绍了电池的碰撞仿真,热失控试验过程的结果和分析。 |
| ● |
| 相关链接 |
|
|
|
正题名:新能源汽车动力电池技术
索取号:U469.720.3/4
 
预约/预借
| 序号 | 登录号 | 条形码 | 馆藏地/架位号 | 状态 | 备注 |
| 1 | 869755 | 2000869755 | 第二书库/ [索取号:U469.720.3/4] | 在馆 | |
| 2 | 869756 | 2000869756 | 第二书库/ [索取号:U469.720.3/4] | 在馆 | |
| 3 | 869757 | 2000869757 | 第二书库/ [索取号:U469.720.3/4] | 在馆 |